| 000 | 00450cam a2200181ua 4500 | ||
|---|---|---|---|
| 020 | _c2.50 | ||
| 041 |
_amal _h |
||
| 082 |
_a894.81209 _bPAP/NH |
||
| 100 | _aPappukkutty, Kedamangalam . | ||
| 245 |
_aNhan kanda kesari / _cKedamangalam Pappukkutty. _hTextual Documents |
||
| 250 |
_a1 / _b. |
||
| 260 |
_aThrissur : _bCurrent Books , _c1961. |
||
| 300 | _a166 ; . | ||
| 365 | _a2.50 | ||
| 504 | _a | ||
| 942 | _cBK | ||
| 999 |
_c12801 _d12801 |
||